Db2 Warehouse managent : High availability and problem determination guide (Record no. 10361)

000 -LEADER
fixed length control field 00368 a2200121 4500
090 ## - LOCALLY ASSIGNED LC-TYPE CALL NUMBER (OCLC); LOCAL CALL NUMBER (RLIN)
-- 6530
-- 6530
100 ## - MAIN ENTRY--PERSONAL NAME
Personal name IBM
245 ## - TITLE STATEMENT
Title Db2 Warehouse managent : High availability and problem determination guide
Statement of responsibility, etc. IBM
260 ## - PUBLICATION, DISTRIBUTION, ETC.
Place of publication, distribution, etc. USA :
Name of publisher, distributor, etc. International Business Machines Corporation,
Date of publication, distribution, etc. 2002.
300 ## - PHYSICAL DESCRIPTION
Extent xxiv, 376 p. ;
Dimensions 27 cm.
500 ## - GENERAL NOTE
General note IBM Manual
942 ## - ADDED ENTRY ELEMENTS (KOHA)
Koha item type Book
Call number prefix 005.74 IBM
Holdings
Withdrawn status Lost status Damaged status Not for loan Permanent Location Current Location Shelving location Total Checkouts Full call number Barcode Date last seen Price effective from Koha item type
        Central Library (CL) Central Library (CL) First Floor - Databases   005.74 IBM SEECSP00410 11/14/2012 11/14/2012 Book
© 2023 Central Library, National University of Sciences and Technology. All Rights Reserved.